Crispr/cas-mediated Gene Editing In Tree Crops: An Updated Review (Record no. 75568)

MARC details
000 -LEADER
fixed length control field 00471nam a22001817a 4500
100 ## - MAIN ENTRY--AUTHOR NAME
Personal name Raheena, K.t.
245 ## - TITLE STATEMENT
Title Crispr/cas-mediated Gene Editing In Tree Crops: An Updated Review
260 ## - PUBLICATION, DISTRIBUTION, ETC. (IMPRINT)
Name of publisher Rubber Science, 38(1)
Year of publication 2025
300 ## - PHYSICAL DESCRIPTION
Number of Pages 111-148
650 ## - SUBJECT ADDED ENTRY--TOPICAL TERM
Topical Term Cas-clover
650 ## - SUBJECT ADDED ENTRY--TOPICAL TERM
Topical Term Cas9 and Cas12a (Cpf1)
650 ## - SUBJECT ADDED ENTRY--TOPICAL TERM
Topical Term Gene editing
650 ## - SUBJECT ADDED ENTRY--TOPICAL TERM
Topical Term Tree crop improvement
700 ## - ADDED ENTRY--PERSONAL NAME
Personal name Thomas, K.u.
700 ## - ADDED ENTRY--PERSONAL NAME
Personal name Rekha, K.
942 ## - ADDED ENTRY ELEMENTS (KOHA)
Koha item type Journals
Holdings
Withdrawn status Lost status Damaged status Not for loan Home library Current library Date acquired Koha item type
        RRII Library RRII Library 26/08/2025 Journals